| 000 | 00620nam a2200205 a 4500 | ||
|---|---|---|---|
| 001 | 277 | ||
| 003 | CDMR | ||
| 005 | 20131018095721.0 | ||
| 008 | 130130s1988||||||||||||||||||||||||||||d | ||
| 040 |
_aCDMR _bcat _cCDMR |
||
| 100 | 1 |
_aMaragall, Joan _9196 |
|
| 245 | 1 | 0 |
_aArticles polítics _cJoan Maragall |
| 260 |
_aBarcelona _c1988 _bDiputació de Barcelona |
||
| 300 |
_a171 p ; _c19 cm |
||
| 490 | 0 |
_aBiblioteca dels Clàssics del nacionalisme Català _v19 |
|
| 650 | 0 | 4 |
_aPremsa _zCatalunya _y1893-1911 _9195 |
| 650 | 0 | 4 |
_aPolítica _9458 _vReculls d'escrits |
| 700 | 1 |
_aMarfany, Joan Lluís _eed. lit. _9198 |
|
| 942 |
_cMON _2udc |
||
| 999 |
_c277 _d277 |
||